Competitiveness of the Japanese automobile parts manufacturers

Na minha lista:
Detalhes bibliográficos
Formato: Livro
Idioma:Undetermined
Publicado em: Tokyo Yano Research Institute 1984
Assuntos:
Tags: Adicionar Tag
Sem tags, seja o primeiro a adicionar uma tag!
Thư viện lưu trữ: Trung tâm Học liệu Trường Đại học Cần Thơ
LEADER 00457nam a2200157Ia 4500
001 CTU_98868
008 210402s9999 xx 000 0 und d
082 |a 629.2 
082 |b C737 
245 0 |a Competitiveness of the Japanese automobile parts manufacturers 
260 |a Tokyo 
260 |b Yano Research Institute 
260 |c 1984 
650 |a Automobile,Automobile industry 
904 |i Truc 
980 |a Trung tâm Học liệu Trường Đại học Cần Thơ